000 00410nam a2200133Ia 4500
008 100328s9999 xx 000 0 und d
082 _b37685
100 _aफडणीस शकुंतला
245 _aसात मजली बाशिंग
260 _bसंजय
630 _aसात मजली बाशिंग
730 _aसात मजली बाशिंग
942 _cBOOK
999 _c527057
_d527054